| 000 | 00442nam a22001697a 4500 | ||
|---|---|---|---|
| 003 | OSt | ||
| 008 | 260506b |||||||| |||| 00| 0 eng d | ||
| 082 |
_a633.491 _bV50R |
||
| 100 | _aVerma, Anil Kumar | ||
| 245 | _aResponse of Potato (Solanum Tuberosum L.) Varieties to Granded Levels of NPK | ||
| 260 |
_aPusa, Samastipur _bRAU _c1994 |
||
| 300 | _a89P. | ||
| 502 |
_bMsc. _d1994 |
||
| 650 | _aAgronomy | ||
| 650 | _aMsc. | ||
| 942 |
_2ddc _cT |
||
| 999 |
_c50462 _d50462 |
||